[Event "Sheki op-B"]
[Site "Sheki"]
[Date "2025.06.21"]
[Round "4"]
[White "Soltanov, Teymur"]
[Black "Babayev, Araz"]
[Result "1-0"]
[WhiteElo "1748"]
[BlackElo "1846"]
[PlyCount "119"]
[EventDate "2025.06.19"]
[EventType "swiss"]
[EventRounds "9"]
[EventCountry "AZE"]
[SourceTitle "CB27_2025"]
[SourceDate "2025.07.02"]
[SourceVersion "1"]
[SourceVersionDate "2025.07.02"]
[SourceQuality "1"]

1. d4 Nf6 2. c4 g6 3. Nc3 d5 4. Bf4 Bg7 5. Rc1 c6 6. e3 0-0 7. h3 Qa5 8. Qd2 dxc4 9. Bxc4 Rd8 10. Ne4 Qxd2+ 11. Nxd2 Ne8 12. Bb3 Na6 13. Ne4 h6 14. Nf3 Bf5 15. Nc5 Nxc5 16. Rxc5 Nd6 17. Be5 Ne4 18. Rc1 Nf6 19. 0-0 Be4 20. Nd2 Bd5 21. Bxd5 Nxd5 22. Bxg7 Kxg7 23. Ne4 Rac8 24. a3 Nf6 25. Nc5 Rc7 26. Rc2 e6 27. Rfc1 Kf8 28. b4 Ke7 29. Nd3 Nd7 30. a4 Rdc8 31. Kf1 f6 32. Ke2 g5 33. f3 Kd6 34. e4 e5 35. dxe5+ fxe5 36. Nb2 c5 37. Nc4+ Ke6 38. b5 Nb6 39. Ne3 c4 40. a5 Nd7 41. Rxc4 Rxc4 42. Rxc4 Rxc4 43. Nxc4 Nc5 44. Kd2 h5 45. Kc3 g4 46. hxg4 hxg4 47. Ne3 gxf3 48. gxf3 Na4+ 49. Kb3 Nc5+ 50. Kc4 Nd7 51. Nd5 b6 52. a6 Kd6 53. Nb4 Nb8 54. Nd3 Nd7 55. Kb4 Ke6 56. Nb2 Kd6 57. Nc4+ Ke6 58. Kc3 Nc5 59. Nxb6 Nd7 60. Nc4 1-0